000 00553nam a22001937a 4500
003 KOHA_MİRAKIL
005 20260325110528.0
008 260325b tu ||||| |||| 00| 0 tur d
020 _a9786258036183
040 _aTR-AnABB
_btur
_cTR-AnABB
041 _atur
082 _a291.172
_b MAC 2021
100 1 _aMacar, Elçin
245 1 0 _aİmroz'dan İstanbul 'a Patrik Bartholomeos /
_cElçin Macar
260 _aİstanbul :
_bDoğan Yayınları,
_c2021
300 _a207 sayfa :
_c20 cm
650 0 4 _aDin söyleşisi
942 _2ddc
_cBK
999 _c10028
_d10028
900 _bCem ÖZOGLU